000 00321nam a22001337a 4500
008 171024b xxu||||| |||| 00| 0 eng d
020 _a9780697113528
041 _aeng
080 _a311
100 _a55
101 _aSTA
245 _aCALCULUS FOR MANAGEMENT SOCIAL LIFE SCIENCES
_cSTANLEY.L.G
942 _2udc
_cBK
999 _c35766
_d35766